000 00385nam a2200145Ia 4500
008 230711s9999||||xx |||||||||||||| ||und||
041 _aENG
082 _a621
_bMA-D
100 _aMalvino.Leach
245 0 _aDigital principles and applications
250 _a4th Ed.
260 _c1986
_aNew Delhi
_bTata McGraw Hill Education Limited
650 _aElectronics Engineering
942 _cBK
999 _c3707
_d3707